Identify the film by the unusual cast pairing - Statistics

General Stats
  • This quiz has been taken 9 times
  • The average score is 6 of 20
Answer Stats
Actors Answer % Correct
Keanu Reeves & Tilda Swinton (2005) Constantine
57%
Kenneth Brannagh & Denzel Washington (1993) Much Ado About Nothing
57%
Tom Hanks & Hugh Grant (2012) Cloud Atlas
43%
Jim Broadbent & Cameron Diaz (2002) Gangs of New York
43%
Billy Connelly & Tom Cruise (2003) The Last Samurai
43%
Jeff Goldblum & Emma Thompson (1995) The Tall Guy
43%
Jodie Foster & John Hurt (1997) Contact
29%
Daniel Craig & Cate Blanchett (1998) Elizabeth
29%
Sylvestre Stallone & Michael Caine (1981) Escape to Victory / Victory
29%
Sigourney Weaver & Iain Glenn (1988) Gorillas in the Mist
29%
Patrick Swayze & Rowan Atkinson (2005) Keeping Mum
29%
Tilda Swinton & Edward Norton (2012) Moonrise Kingdom
29%
Ian McKellan & Will Smith (1993) Six Degrees of Separation
29%
Penelope Cruz & Timothy Spall (2001) Vanilla Sky
29%
Nigel Hawthorne & Morgan Freeman (1997) Amistad
14%
Jonathan Pryce & Antonio Banderas (1996) Evita
14%
Angelina Jolie & Michael Gambon (2004) Sky Captain and the World of Tomorrow
14%
Judi Dench & Vin Diesel (2004) The Chronicles of Riddick
14%
Susan Sarandon & William H Macy (1987) The Client
14%
Nicole Kdman & Richard E Grant (1996) The Portrait of a Lady
14%
No matching quizzes found
Score Distribution
Percent of People with Each Score
Percentile by Number Answered
Your Score History
You have not taken this quiz